Riego, población y riqueza : el problema político, demográfico y económico-social más trascendental en la mayor parte de la argentina /
Guardado en:
| Autor Principal: | |
|---|---|
| Formato: | Libro |
| Publicado: |
Buenos Aires :
Sudamericana,
1947
|
| Series: | Enciclopedia Agropecuaria Argentina; no. 32
|
| Materias: | |
| Etiquetas: |
Agregar Etiqueta
Sin Etiquetas, Sea el primero en etiquetar este registro!
|
| LEADER | 00883nam a22001815a 4500 | ||
|---|---|---|---|
| 001 | CEM.cems018338 | ||
| 005 | 20141015013309.0 | ||
| 008 | 130507s1947##################000#0#####d | ||
| 003 | CEMS | ||
| 082 | 0 | 4 | |a 631.7 |
| 100 | 1 | |a Castro Zinny, Horacio | |
| 245 | 1 | 0 | |a Riego, población y riqueza : |b el problema político, demográfico y económico-social más trascendental en la mayor parte de la argentina / |c Horacio Castro-zinny |
| 260 | |a Buenos Aires : |b Sudamericana, |c 1947 | ||
| 300 | |a 222 p. | ||
| 490 | 0 | |a Enciclopedia Agropecuaria Argentina; no. 32 | |
| 505 | 0 | |a Bases científicas y económico-sociales para aumentar la población de alto nivel de vida -- Los problemas técnico-económicos de los suelos en general y en especial del país -- El agua en función de población y de riqueza | |
| 653 | |a Argentina-economía | ||
| 859 | |a CEMS |b BIB. CEMS - Agricultura |h 631.7 |i C279 |p A15990.90 |t Ej.1 | ||
